<?xml version="1.0" encoding="UTF-8"?>
<record
    xmlns:xsi="http://www.w3.org/2001/XMLSchema-instance"
    xsi:schemaLocation="http://www.loc.gov/MARC21/slim http://www.loc.gov/standards/marcxml/schema/MARC21slim.xsd"
    xmlns="http://www.loc.gov/MARC21/slim">

  <leader>00462nam a2200169Ia 4500</leader>
  <controlfield tag="008">230718s9999    xx            000 0 und d</controlfield>
  <datafield tag="041" ind1=" " ind2=" ">
    <subfield code="a">eng</subfield>
  </datafield>
  <datafield tag="082" ind1=" " ind2=" ">
    <subfield code="a">332.64'5</subfield>
    <subfield code="b">HUL</subfield>
  </datafield>
  <datafield tag="100" ind1=" " ind2=" ">
    <subfield code="a">Hull J.C.</subfield>
  </datafield>
  <datafield tag="245" ind1=" " ind2=" ">
    <subfield code="a">Options, Futures And Other Derivatives</subfield>
  </datafield>
  <datafield tag="250" ind1=" " ind2=" ">
    <subfield code="a">7th ed.</subfield>
  </datafield>
  <datafield tag="260" ind1=" " ind2=" ">
    <subfield code="c">2010</subfield>
    <subfield code="b">Pearson Education</subfield>
  </datafield>
  <datafield tag="300" ind1=" " ind2=" ">
    <subfield code="a">841</subfield>
  </datafield>
  <datafield tag="365" ind1=" " ind2=" ">
    <subfield code="c">Rs.</subfield>
    <subfield code="b">499.00</subfield>
  </datafield>
  <datafield tag="700" ind1=" " ind2=" ">
    <subfield code="a">Hull J.C. &amp; Basu S.</subfield>
    <subfield code="9">111858</subfield>
  </datafield>
  <datafield tag="906" ind1=" " ind2=" ">
    <subfield code="d">O:0037905-Nov-2009B:172928-Sep-2009</subfield>
    <subfield code="c">GENRL</subfield>
    <subfield code="b">99.8</subfield>
  </datafield>
  <datafield tag="999" ind1=" " ind2=" ">
    <subfield code="c">323055</subfield>
    <subfield code="d">323055</subfield>
  </datafield>
  <datafield tag="952" ind1=" " ind2=" ">
    <subfield code="0">0</subfield>
    <subfield code="1">0</subfield>
    <subfield code="4">0</subfield>
    <subfield code="7">0</subfield>
    <subfield code="a">CCEP</subfield>
    <subfield code="b">CCEP</subfield>
    <subfield code="d">2009-11-05</subfield>
    <subfield code="e">Pradeep Book Distributors</subfield>
    <subfield code="f">GENRL</subfield>
    <subfield code="g">399.20</subfield>
    <subfield code="i">1729</subfield>
    <subfield code="l">1</subfield>
    <subfield code="o">332.64'5</subfield>
    <subfield code="p">CCEP-BK-34262</subfield>
    <subfield code="r">2024-03-05 00:00:00</subfield>
    <subfield code="s">2024-02-20</subfield>
    <subfield code="t">99.8</subfield>
    <subfield code="v">499.00</subfield>
    <subfield code="w">2009-09-28</subfield>
    <subfield code="y">BK</subfield>
    <subfield code="z">034262</subfield>
  </datafield>
</record>
